LEADER 01724oam 2200481M 450 001 9910716246003321 005 20200213070514.1 035 $a(CKB)5470000002519666 035 $a(OCoLC)1065790054 035 $a(OCoLC)995470000002519666 035 $a(EXLCZ)995470000002519666 100 $a20071213d1926 ua 0 101 0 $aeng 135 $aurcn||||||||| 181 $ctxt$2rdacontent 182 $cc$2rdamedia 183 $acr$2rdacarrier 200 10$aArchibald L. Macnair. March 9, 1926. -- Committed to the Committee of the Whole House and ordered to be printed 210 1$a[Washington, D.C.] :$c[U.S. Government Printing Office],$d1926. 215 $a1 online resource (6 pages) 225 1 $aHouse report / 69th Congress, 1st session. House ;$vno. 485 225 1 $a[United States congressional serial set ] ;$v[serial no. 8536] 300 $aBatch processed record: Metadata reviewed, not verified. Some fields updated by batch processes. 300 $aFDLP item number not assigned. 606 $aAircraft accidents 606 $aAeronautics$xSafety measures 606 $aClaims 606 $aAirplanes, Military 608 $aLegislative materials.$2lcgft 615 0$aAircraft accidents. 615 0$aAeronautics$xSafety measures. 615 0$aClaims. 615 0$aAirplanes, Military. 701 $aUnderhill$b Charles Lee$f1867-1946$pRepublican (MA)$01386821 801 0$bWYU 801 1$bWYU 801 2$bOCLCO 801 2$bOCLCQ 801 2$bOCLCO 906 $aBOOK 912 $a9910716246003321 996 $aArchibald L. Macnair. March 9, 1926. -- Committed to the Committee of the Whole House and ordered to be printed$93482474 997 $aUNINA LEADER 01039nam 2200205zu 450 001 996694568803316 005 20260108110143.0 035 $a(CKB)37907885800041 035 $a(UnM)99843977 035 $a(EXLCZ)9937907885800041 100 $a20250319|1596uuuu || | 101 0 $aeng 135 $aur||||||||||| 200 10$aPsalmes Of Confession : Found In The Cabinet Of The Most Excellent King Of Portingal, Don Antonio, First Of That Name, Written With His Owne Hand. Wherein The Sinner Calleth Vpon The Mercie Of God For His Sinne. Translated Out Of The Latine Copie, Printed At Paris By Federike Morell 210 $cProQuest, UMI$d1596 700 $aAntonio$0573383 906 $aBOOK 912 $a996694568803316 996 $aPsalmes Of Confession : Found In The Cabinet Of The Most Excellent King Of Portingal, Don Antonio, First Of That Name, Written With His Owne Hand. Wherein The Sinner Calleth Vpon The Mercie Of God For His Sinne. Translated Out Of The Latine Copie, Printed At Paris By Federike Morell$94510873 997 $aUNISA